[Event "blitmenteam"]
[Site "?"]
[Date "2016.10.07"]
[Round "12.2"]
[White "Morozevich, Alexander"]
[Black "Salemgareev, Tagir"]
[Result "1/2-1/2"]
[LiveChessVersion "1.4.4"]
[BlackElo "2149"]
[WhiteElo "2669"]

1. e4 {[%clk 0:03:03]} c5 {[%clk 0:03:03]} 2. Nf3 {[%clk 0:03:04]} Nc6
{[%clk 0:03:03]} 3. d4 {[%clk 0:03:05]} cxd4 {[%clk 0:03:04]} 4. Nxd4
{[%clk 0:03:06]} g6 {[%clk 0:03:05]} 5. c4 {[%clk 0:03:06]} Bg7 {[%clk 0:03:06]}
6. Nc2 {[%clk 0:03:07]} Nf6 {[%clk 0:03:05]} 7. Nc3 {[%clk 0:03:08]} O-O
{[%clk 0:03:05]} 8. Be2 {[%clk 0:03:09]} d6 {[%clk 0:03:06]} 9. O-O
{[%clk 0:03:10]} Bd7 {[%clk 0:02:58]} 10. Be3 {[%clk 0:03:11]} Rc8
{[%clk 0:02:48]} 11. Rc1 {[%clk 0:03:11]} a6 {[%clk 0:02:34]} 12. f3
{[%clk 0:03:00]} Ne5 {[%clk 0:02:17]} 13. Na3 {[%clk 0:02:54]} Qa5
{[%clk 0:02:13]} 14. Qb3 {[%clk 0:02:42]} Nc6 {[%clk 0:01:28]} 15. Rfd1
{[%clk 0:02:39]} Qb4 {[%clk 0:01:23]} 16. Na4 {[%clk 0:02:03]} Be6
{[%clk 0:00:58]} 17. Nb6 {[%clk 0:02:01]} Rc7 {[%clk 0:00:43]} 18. Nd5
{[%clk 0:01:03]} Qxb3 {[%clk 0:00:44]} 19. axb3 {[%clk 0:01:04]} Rcc8
{[%clk 0:00:45]} 20. Nc2 {[%clk 0:00:50]} Nd7 {[%clk 0:00:40]} 21. Rb1
{[%clk 0:00:26]} Nc5 {[%clk 0:00:33]} 22. b4 {[%clk 0:00:26]} Na4
{[%clk 0:00:22]} 23. Bc1 {[%clk 0:00:14]} Bxd5 {[%clk 0:00:18]} 24. Rxd5
{[%clk 0:00:13]} Nb6 {[%clk 0:00:11]} 25. Rd1 {[%clk 0:00:13]} Ne5
{[%clk 0:00:12]} 26. b3 {[%clk 0:00:14]} Nbd7 {[%clk 0:00:09]} 27. f4
{[%clk 0:00:15]} Nc6 {[%clk 0:00:10]} 28. Be3 {[%clk 0:00:16]} Rfd8
{[%clk 0:00:08]} 29. Rd3 {[%clk 0:00:17]} a5 {[%clk 0:00:08]} 30. b5
{[%clk 0:00:18]} Nb4 {[%clk 0:00:08]} 1/2-1/2

[Event "blitmenteam"]
[Site "?"]
[Date "2016.10.07"]
[Round "12.3"]
[White "Scherbakov, Mikhail"]
[Black "Popov, Ivan"]
[Result "0-1"]
[LiveChessVersion "1.4.4"]
[BlackElo "2606"]
[WhiteElo "1986"]

1. e4 {[%clk 0:03:02]} g6 {[%clk 0:03:02]} 2. d4 {[%clk 0:03:03]} Bg7
{[%clk 0:03:04]} 3. Nc3 {[%clk 0:03:04]} d6 {[%clk 0:03:05]} 4. f4
{[%clk 0:03:04]} a6 {[%clk 0:03:05]} 5. Nf3 {[%clk 0:03:04]} b5 {[%clk 0:03:05]}
6. Bd3 {[%clk 0:02:59]} Nd7 {[%clk 0:03:01]} 7. O-O {[%clk 0:02:55]} c5
{[%clk 0:02:58]} 8. e5 {[%clk 0:02:41]} cxd4 {[%clk 0:02:50]} 9. Be4
{[%clk 0:02:41]} dxc3 {[%clk 0:02:20]} 10. Bxa8 {[%clk 0:02:41]} Qb6+
{[%clk 0:02:18]} 11. Kh1 {[%clk 0:02:38]} dxe5 {[%clk 0:02:09]} 12. fxe5
{[%clk 0:02:13]} Nxe5 {[%clk 0:02:08]} 13. b3 {[%clk 0:01:52]} Nd7
{[%clk 0:01:24]} 14. Qe2 {[%clk 0:01:37]} Ngf6 {[%clk 0:01:22]} 15. Be3
{[%clk 0:01:35]} Qb8 {[%clk 0:01:21]} 16. Bc6 {[%clk 0:01:29]} O-O
{[%clk 0:01:18]} 17. Bd4 {[%clk 0:01:21]} e6 {[%clk 0:01:09]} 18. Ne5
{[%clk 0:01:07]} Qc7 {[%clk 0:00:54]} 19. Nxd7 {[%clk 0:00:57]} Nxd7
{[%clk 0:00:52]} 20. Bxg7 Kxg7 {[%clk 0:00:53]} 21. Bf3 {[%clk 0:00:55]} e5
{[%clk 0:00:47]} 22. Rad1 {[%clk 0:00:51]} f5 {[%clk 0:00:48]} 23. Bd5
{[%clk 0:00:26]} Nf6 {[%clk 0:00:46]} 24. b4 {[%clk 0:00:15]} e4 {[%clk 0:00:42]}
25. Bb3 {[%clk 0:00:15]} Ng4 {[%clk 0:00:42]} 26. g3 {[%clk 0:00:12]} e3
{[%clk 0:00:43]} 27. Bd5 {[%clk 0:00:07]} Nf2+ {[%clk 0:00:37]} 28. Rxf2
{[%clk 0:00:08]} exf2 {[%clk 0:00:38]} 29. Qxf2 {[%clk 0:00:09]} Qe5
{[%clk 0:00:38]} 30. Qc5 {[%clk 0:00:04]} Rd8 {[%clk 0:00:27]} 31. Rd3
{[%clk 0:00:04]} Rxd5 {[%clk 0:00:23]} 32. Rxd5 {[%clk 0:00:04]} Bb7
{[%clk 0:00:20]} 0-1

[Event "blitmenteam"]
[Site "?"]
[Date "2016.10.07"]
[Round "12.4"]
[White "Motylev, Alexander"]
[Black "Gilyazov, Amir"]
[Result "1-0"]
[LiveChessVersion "1.4.4"]
[BlackElo "2252"]
[WhiteElo "2613"]

1. e4 {[%clk 0:03:02]} c5 {[%clk 0:03:02]} 2. Nf3 {[%clk 0:03:04]} Nc6
{[%clk 0:03:02]} 3. Bb5 {[%clk 0:03:05]} g6 {[%clk 0:03:02]} 4. Bxc6
{[%clk 0:03:06]} bxc6 {[%clk 0:03:02]} 5. O-O {[%clk 0:03:06]} Bg7
{[%clk 0:03:03]} 6. Re1 {[%clk 0:03:07]} e5 {[%clk 0:02:58]} 7. c3
{[%clk 0:03:06]} Ne7 {[%clk 0:02:55]} 8. d4 {[%clk 0:03:06]} cxd4
{[%clk 0:02:38]} 9. cxd4 {[%clk 0:03:07]} exd4 {[%clk 0:02:34]} 10. Nxd4
{[%clk 0:03:08]} O-O {[%clk 0:02:31]} 11. Nc3 {[%clk 0:03:09]} d5
{[%clk 0:01:50]} 12. exd5 {[%clk 0:03:04]} cxd5 {[%clk 0:01:49]} 13. Bg5
{[%clk 0:03:02]} f6 {[%clk 0:01:43]} 14. Bf4 {[%clk 0:03:03]} Re8
{[%clk 0:01:24]} 15. Qe2 {[%clk 0:02:55]} Bd7 {[%clk 0:01:14]} 16. Qa6
{[%clk 0:02:46]} Qb6 {[%clk 0:00:53]} 17. Qxb6 axb6 {[%clk 0:00:54]} 18. Rad1
{[%clk 0:02:30]} Kf7 {[%clk 0:00:49]} 19. Ndb5 {[%clk 0:02:25]} Bxb5
{[%clk 0:00:24]} 20. Nxb5 {[%clk 0:02:26]} Red8 {[%clk 0:00:23]} 21. a3
{[%clk 0:02:04]} f5 {[%clk 0:00:20]} 22. Nc7 {[%clk 0:01:49]} Rac8
{[%clk 0:00:19]} 23. Ne6 {[%clk 0:01:48]} Bxb2 {[%clk 0:00:15]} 24. Nxd8+
{[%clk 0:01:45]} Rxd8 {[%clk 0:00:16]} 25. a4 {[%clk 0:01:42]} d4
{[%clk 0:00:13]} 26. Bg5 {[%clk 0:01:35]} Rd7 {[%clk 0:00:11]} 27. Bxe7
{[%clk 0:01:28]} Rxe7 {[%clk 0:00:11]} 28. Rxe7+ Kxe7 {[%clk 0:00:13]} 29. Rb1
{[%clk 0:01:26]} Bc3 {[%clk 0:00:12]} 30. Rxb6 {[%clk 0:01:24]} d3
{[%clk 0:00:07]} 31. Kf1 {[%clk 0:01:25]} d2 {[%clk 0:00:05]} 32. Ke2
{[%clk 0:01:26]} Ke8 {[%clk 0:03:02]} 1-0

[Event "blitmenteam"]
[Site "?"]
[Date "2016.10.07"]
[Round "12.5"]
[White "Moskalenko, Alexander"]
[Black "Ponkratov, Pavel"]
[Result "0-1"]
[LiveChessVersion "1.4.4"]
[BlackElo "2679"]
[WhiteElo "2573"]

1. e4 {[%clk 0:03:03]} e5 {[%clk 0:03:02]} 2. Nf3 {[%clk 0:03:01]} Qe7
{[%clk 0:03:04]} 3. d4 {[%clk 0:02:53]} d6 {[%clk 0:03:05]} 4. Bd3
{[%clk 0:02:49]} Nf6 {[%clk 0:02:59]} 5. O-O {[%clk 0:02:42]} Nbd7
{[%clk 0:03:00]} 6. Re1 {[%clk 0:02:38]} g6 {[%clk 0:02:35]} 7. Bg5
{[%clk 0:02:38]} Bg7 {[%clk 0:02:34]} 8. c3 {[%clk 0:02:38]} O-O {[%clk 0:02:34]}
9. Nbd2 {[%clk 0:02:35]} h6 {[%clk 0:02:35]} 10. Bh4 {[%clk 0:02:36]} b6
{[%clk 0:02:21]} 11. Qc2 {[%clk 0:02:37]} Bb7 {[%clk 0:02:22]} 12. Nc4
{[%clk 0:02:29]} Rfe8 {[%clk 0:02:20]} 13. dxe5 {[%clk 0:02:30]} dxe5
{[%clk 0:02:19]} 14. b4 {[%clk 0:02:21]} Qf8 {[%clk 0:02:17]} 15. a4
{[%clk 0:02:17]} a6 {[%clk 0:02:17]} 16. Nfd2 {[%clk 0:02:13]} Nh5
{[%clk 0:02:13]} 17. Bf1 {[%clk 0:02:13]} Nf4 {[%clk 0:02:12]} 18. Ne3
{[%clk 0:02:11]} Nf6 {[%clk 0:02:08]} 19. Bxf6 {[%clk 0:02:08]} Bxf6
{[%clk 0:02:09]} 20. g3 {[%clk 0:02:05]} Ne6 {[%clk 0:02:10]} 21. Nd5
{[%clk 0:02:05]} Bg7 {[%clk 0:02:09]} 22. h4 {[%clk 0:01:51]} Rad8
{[%clk 0:02:06]} 23. Bc4 {[%clk 0:01:49]} b5 {[%clk 0:01:50]} 24. axb5
{[%clk 0:01:45]} axb5 {[%clk 0:01:52]} 25. Bb3 {[%clk 0:01:35]} c6
{[%clk 0:01:51]} 26. Ne3 {[%clk 0:01:34]} Bc8 {[%clk 0:01:45]} 27. Nf3
{[%clk 0:01:27]} h5 {[%clk 0:01:36]} 28. Ra7 {[%clk 0:01:21]} Qd6
{[%clk 0:01:27]} 29. Rd1 {[%clk 0:01:12]} Qb8 {[%clk 0:01:28]} 30. Raa1
{[%clk 0:00:59]} Bh6 {[%clk 0:01:28]} 31. Ng2 {[%clk 0:00:49]} c5
{[%clk 0:01:23]} 32. Rxd8 {[%clk 0:00:22]} Rxd8 {[%clk 0:01:23]} 33. bxc5
{[%clk 0:00:20]} Nxc5 {[%clk 0:01:23]} 34. Bd5 {[%clk 0:00:19]} Bb7
{[%clk 0:01:09]} 35. Bxb7 {[%clk 0:00:16]} Qxb7 {[%clk 0:01:08]} 36. Re1
{[%clk 0:00:16]} Qc7 {[%clk 0:01:02]} 37. Ne3 {[%clk 0:00:11]} Bxe3 38. Rxe3
{[%clk 0:00:12]} Qd6 {[%clk 0:00:54]} 39. Kg2 {[%clk 8:00:11]} f6
{[%clk 0:00:51]} 40. Re1 {[%clk 0:00:11]} Qe6 {[%clk 0:00:45]} 41. Qb2
{[%clk 0:00:06]} Qc6 {[%clk 0:00:44]} 42. Qb4 {[%clk 0:00:06]} Nd3
{[%clk 0:00:45]} 43. Qb3+ {[%clk 0:00:08]} Qc4 {[%clk 0:00:46]} 44. Rb1
{[%clk 0:00:09]} Qxb3 45. Rxb3 {[%clk 0:00:10]} Nc5 {[%clk 0:00:34]} 46. Rxb5
{[%clk 0:00:11]} Nxe4 {[%clk 0:00:35]} 47. c4 {[%clk 0:00:10]} Rd1
{[%clk 0:00:34]} 48. Rb8+ {[%clk 0:00:10]} Kf7 49. Rb7+ {[%clk 0:00:13]} Ke6
{[%clk 0:00:36]} 50. Rb6+ Ke7 {[%clk 0:00:37]} 51. Rb7+ {[%clk 0:00:15]} Kd6
{[%clk 0:00:31]} 52. Rb8 {[%clk 0:00:12]} Rc1 {[%clk 0:00:31]} 53. Nd2
{[%clk 0:00:09]} Nxd2 {[%clk 0:00:23]} 54. Rd8+ {[%clk 0:00:10]} Ke6
{[%clk 0:00:24]} 55. Rxd2 {[%clk 0:00:11]} Rxc4 {[%clk 0:00:25]} 56. Ra2
{[%clk 0:00:12]} Kf5 {[%clk 0:00:22]} 57. Kf3 {[%clk 0:00:12]} Rc3+
{[%clk 0:00:19]} 58. Kg2 {[%clk 0:00:13]} Rc6 {[%clk 0:00:17]} 59. Kf3
{[%clk 0:00:14]} Rc4 {[%clk 0:00:13]} 60. Rb2 {[%clk 0:00:14]} g5
{[%clk 0:00:14]} 61. hxg5 {[%clk 0:00:15]} Kxg5 {[%clk 0:00:15]} 62. Rb8
{[%clk 0:00:14]} h4 {[%clk 0:00:16]} 63. Rg8+ {[%clk 0:00:14]} Kf5
{[%clk 0:00:17]} 64. g4+ {[%clk 0:00:11]} Ke6 {[%clk 0:00:18]} 65. Rh8
{[%clk 0:00:12]} Rf4+ {[%clk 0:00:19]} 66. Ke3 {[%clk 0:00:09]} Rxg4
{[%clk 0:00:20]} 67. f3 {[%clk 0:00:10]} Rd4 {[%clk 0:00:20]} 68. Rh5
{[%clk 0:00:11]} Ra4 {[%clk 0:00:21]} 69. Rh8 {[%clk 0:00:12]} Kf5
{[%clk 0:00:21]} 70. Rh5+ {[%clk 0:00:13]} Kg6 {[%clk 0:00:23]} 71. Rh8
{[%clk 0:00:14]} Kg5 {[%clk 0:00:24]} 72. Rg8+ {[%clk 0:00:15]} Kf5
{[%clk 0:00:25]} 73. Rh8 {[%clk 0:00:17]} Ke6 {[%clk 0:00:21]} 74. Re8+
{[%clk 0:00:17]} Kf7 {[%clk 0:00:21]} 75. Rh8 {[%clk 0:00:18]} Kg7
{[%clk 0:00:23]} 76. Rh5 {[%clk 0:00:18]} Kg6 {[%clk 0:00:24]} 77. Rh8
{[%clk 0:00:17]} f5 {[%clk 0:00:24]} 78. Re8 {[%clk 0:00:11]} Ra3+
{[%clk 0:00:22]} 79. Kf2 {[%clk 0:00:11]} Kf6 {[%clk 0:00:23]} 80. Kg2
{[%clk 0:00:09]} Ra7 {[%clk 0:00:21]} 81. Kh3 {[%clk 0:00:07]} Ra3
{[%clk 0:00:22]} 82. Kg2 {[%clk 0:00:08]} h3+ {[%clk 0:00:23]} 83. Kf2
{[%clk 0:00:09]} h2 {[%clk 0:00:23]} 84. Rh8 {[%clk 0:00:10]} Ra1
{[%clk 0:00:19]} 85. Kg2 {[%clk 0:00:05]} 0-1

[Event "blitmenteam"]
[Site "?"]
[Date "2016.10.07"]
[Round "12.6"]
[White "Khismatullin, Denis"]
[Black "Paravyan, David"]
[Result "1-0"]
[LiveChessVersion "1.4.4"]
[BlackElo "2579"]
[WhiteElo "2604"]

1. d4 {[%clk 0:03:03]} Nf6 {[%clk 0:03:00]} 2. Nf3 {[%clk 0:03:04]} e6
{[%clk 0:03:01]} 3. Bf4 {[%clk 0:03:03]} d5 {[%clk 0:03:00]} 4. e3
{[%clk 0:03:03]} Bd6 {[%clk 0:03:01]} 5. Bg3 {[%clk 0:03:03]} Ne4
{[%clk 0:03:02]} 6. Bd3 {[%clk 0:02:54]} Nxg3 {[%clk 0:02:58]} 7. hxg3
{[%clk 0:02:54]} c5 {[%clk 0:02:53]} 8. c4 {[%clk 0:02:26]} dxc4 {[%clk 0:02:47]}
9. Bxc4 {[%clk 0:02:26]} Nc6 {[%clk 0:02:45]} 10. Nc3 {[%clk 0:02:26]} cxd4
{[%clk 0:02:27]} 11. exd4 {[%clk 0:02:20]} Ne7 {[%clk 0:02:22]} 12. Qd3
{[%clk 0:02:10]} h6 {[%clk 0:02:14]} 13. Rd1 {[%clk 0:02:02]} Qa5
{[%clk 0:01:47]} 14. Bb5+ {[%clk 0:01:54]} Kf8 {[%clk 0:01:32]} 15. O-O
{[%clk 0:01:46]} Nd5 {[%clk 0:01:29]} 16. Nxd5 {[%clk 0:01:38]} exd5
{[%clk 0:01:30]} 17. Rfe1 {[%clk 0:01:06]} g6 {[%clk 0:01:28]} 18. Re8+
{[%clk 0:00:30]} Kg7 {[%clk 0:01:30]} 19. Rde1 {[%clk 0:00:29]} Bf5
{[%clk 0:01:16]} 20. Qb3 {[%clk 0:00:28]} Bb4 {[%clk 0:00:56]} 21. Qxd5
{[%clk 0:00:17]} Bxe1 {[%clk 0:00:52]} 22. Qe5+ {[%clk 0:00:16]} 1-0

[Event "blitmenteam"]
[Site "?"]
[Date "2016.10.07"]
[Round "12.7"]
[White "Matinian, Nikita"]
[Black "Pridorozhni, Aleksei"]
[Result "1/2-1/2"]
[LiveChessVersion "1.4.4"]
[BlackElo "2611"]
[WhiteElo "2539"]

1. e4 {[%clk 0:03:03]} c5 {[%clk 0:03:03]} 2. Nf3 {[%clk 0:03:04]} Nc6
{[%clk 0:03:05]} 3. Bb5 {[%clk 0:03:05]} e6 {[%clk 0:03:05]} 4. O-O
{[%clk 0:03:04]} Nge7 {[%clk 0:03:05]} 5. c3 {[%clk 0:03:05]} a6 {[%clk 0:03:02]}
6. Ba4 {[%clk 0:03:06]} c4 {[%clk 0:03:01]} 7. d4 {[%clk 0:03:03]} cxd3
{[%clk 0:02:52]} 8. Qxd3 {[%clk 0:02:54]} Ng6 {[%clk 0:02:52]} 9. Bxc6
{[%clk 0:02:48]} bxc6 {[%clk 0:02:51]} 10. e5 {[%clk 0:02:47]} Be7
{[%clk 0:02:40]} 11. Nbd2 {[%clk 0:02:44]} f6 {[%clk 0:02:40]} 12. Nc4
{[%clk 0:01:49]} fxe5 {[%clk 0:02:35]} 13. Nfxe5 {[%clk 0:01:50]} Nxe5
{[%clk 0:02:35]} 14. Nxe5 {[%clk 0:01:51]} O-O {[%clk 0:02:34]} 15. Be3
{[%clk 0:01:49]} c5 {[%clk 0:02:28]} 16. Rad1 {[%clk 0:01:46]} Qc7
{[%clk 0:02:07]} 17. f4 {[%clk 0:01:36]} d6 {[%clk 0:01:56]} 18. Nf3
{[%clk 0:01:37]} Bb7 {[%clk 0:01:48]} 19. b3 {[%clk 0:01:06]} Rad8
{[%clk 0:01:42]} 20. Rde1 {[%clk 0:01:03]} Bf6 {[%clk 0:01:29]} 21. c4
{[%clk 0:00:55]} h6 {[%clk 0:01:24]} 22. Bd2 {[%clk 0:00:52]} d5 {[%clk 0:01:01]}
23. Qc2 {[%clk 0:00:22]} dxc4 {[%clk 0:00:52]} 24. bxc4 {[%clk 0:00:23]} Rfe8
{[%clk 0:00:39]} 25. Ne5 {[%clk 0:00:16]} Rd4 {[%clk 0:00:24]} 26. Be3
{[%clk 0:00:09]} Bxe5 {[%clk 0:00:23]} 27. fxe5 {[%clk 0:00:10]} Re4
{[%clk 0:00:22]} 28. Bf2 {[%clk 0:00:06]} Rxe1 {[%clk 0:00:17]} 29. Rxe1
{[%clk 0:00:07]} Rf8 {[%clk 0:00:15]} 30. Qg6 {[%clk 0:00:06]} Qf7
{[%clk 0:00:14]} 31. Qxf7+ {[%clk 0:00:06]} Rxf7 {[%clk 0:00:15]} 32. Bxc5 Rc7
{[%clk 0:00:17]} 33. Rb1 {[%clk 0:00:06]} Rxc5 {[%clk 0:00:15]} 34. Rxb7
{[%clk 0:00:07]} Rxe5 {[%clk 0:00:16]} 35. Rb6 {[%clk 0:00:07]} Ra5
{[%clk 0:00:15]} 36. Rxe6 {[%clk 0:00:08]} Rxa2 {[%clk 0:00:16]} 37. c5
{[%clk 0:00:09]} Rc2 {[%clk 0:00:16]} 1/2-1/2

[Event "blitmenteam"]
[Site "?"]
[Date "2016.10.07"]
[Round "12.8"]
[White "Bologan, Victor"]
[Black "Vastrukhin, Oleg"]
[Result "1-0"]
[LiveChessVersion "1.4.4"]
[BlackElo "2355"]
[WhiteElo "2601"]

1. e4 {[%clk 0:03:03]} e6 {[%clk 0:03:04]} 2. d4 {[%clk 0:03:04]} d5
{[%clk 0:03:05]} 3. Nc3 {[%clk 0:03:04]} Bb4 {[%clk 0:03:06]} 4. e5
{[%clk 0:03:03]} c5 {[%clk 0:03:07]} 5. a3 {[%clk 0:03:03]} Bxc3+
{[%clk 0:03:08]} 6. bxc3 {[%clk 0:03:04]} Nc6 {[%clk 0:03:09]} 7. Qg4
{[%clk 0:02:58]} g6 {[%clk 0:03:10]} 8. Qd1 {[%clk 0:02:57]} Bd7 {[%clk 0:03:11]}
9. Nf3 {[%clk 0:02:58]} Qa5 {[%clk 0:03:11]} 10. Bd2 {[%clk 0:02:58]} c4
{[%clk 0:03:12]} 11. h4 {[%clk 0:02:56]} h6 {[%clk 0:03:13]} 12. g3
{[%clk 0:02:50]} O-O-O {[%clk 0:03:11]} 13. Bg2 {[%clk 0:02:50]} f5
{[%clk 0:03:09]} 14. a4 {[%clk 0:02:37]} Re8 {[%clk 0:03:04]} 15. Qc1
{[%clk 0:02:36]} Nd8 {[%clk 0:03:04]} 16. Qa3 {[%clk 0:02:27]} Nf7
{[%clk 0:03:02]} 17. Qb4 {[%clk 0:02:23]} Qxb4 {[%clk 0:02:53]} 18. cxb4
{[%clk 0:02:23]} Ne7 {[%clk 0:02:54]} 19. b5 {[%clk 0:02:20]} Kb8
{[%clk 0:02:42]} 20. Bb4 {[%clk 0:02:15]} Nc8 {[%clk 0:02:42]} 21. Kd2
{[%clk 0:02:12]} g5 {[%clk 0:02:42]} 22. hxg5 {[%clk 0:02:11]} hxg5
{[%clk 0:02:44]} 23. Bc5 {[%clk 0:01:56]} g4 {[%clk 0:02:42]} 24. Nh4
{[%clk 0:01:49]} Rh6 {[%clk 0:02:42]} 25. Nxf5 {[%clk 0:01:08]} exf5
{[%clk 0:02:30]} 26. Bxd5 {[%clk 0:01:08]} Be6 {[%clk 0:02:30]} 27. Rxh6
{[%clk 0:00:51]} Nxh6 {[%clk 0:02:29]} 28. Bxe6 {[%clk 0:00:47]} Rxe6
{[%clk 0:02:30]} 29. Rh1 {[%clk 0:00:41]} Nb6 {[%clk 0:02:09]} 30. Bxb6
{[%clk 0:00:37]} axb6 {[%clk 0:02:07]} 31. Kc3 {[%clk 0:00:37]} Nf7
{[%clk 0:02:00]} 32. Kxc4 {[%clk 0:00:35]} Nxe5+ {[%clk 0:01:20]} 33. Kd5
{[%clk 0:00:33]} Re8 {[%clk 0:01:16]} 34. dxe5 {[%clk 0:00:34]} Rd8+
{[%clk 0:01:16]} 35. Ke6 {[%clk 0:00:34]} Rd2 {[%clk 0:01:17]} 36. Rf1
{[%clk 0:00:30]} Rxc2 {[%clk 0:01:16]} 37. Kxf5 {[%clk 0:00:31]} Kc7
{[%clk 0:01:17]} 38. Kxg4 {[%clk 0:00:31]} Kd7 {[%clk 0:01:17]} 39. f4
{[%clk 0:00:32]} Ke6 {[%clk 0:01:17]} 40. Rd1 Kd5 {[%clk 0:03:02]} 1-0

[Event "blitmenteam"]
[Site "?"]
[Date "2016.10.07"]
[Round "12.9"]
[White "Savchenko, Boris"]
[Black "Kurbedinov, Ramis"]
[Result "1-0"]
[LiveChessVersion "1.4.4"]
[BlackElo "2263"]
[WhiteElo "2626"]

1. e4 {[%clk 0:03:03]} e5 {[%clk 0:03:04]} 2. Nf3 Nc6 3. Bb5 {[%clk 0:03:04]} a6
{[%clk 0:03:06]} 4. Ba4 {[%clk 0:03:06]} Nf6 {[%clk 0:03:07]} 5. O-O
{[%clk 0:03:06]} Be7 {[%clk 0:03:08]} 6. Re1 {[%clk 0:03:07]} b5 {[%clk 0:03:09]}
7. Bb3 {[%clk 0:03:08]} d6 {[%clk 0:03:07]} 8. c3 {[%clk 0:03:09]} O-O
{[%clk 0:03:07]} 9. h3 {[%clk 0:03:10]} Nb8 {[%clk 0:02:59]} 10. a4
{[%clk 0:03:10]} Bb7 {[%clk 0:02:57]} 11. Bc2 {[%clk 0:03:07]} Nbd7
{[%clk 0:02:57]} 12. d4 {[%clk 0:03:08]} c5 {[%clk 0:02:51]} 13. b3
{[%clk 0:03:09]} Re8 {[%clk 0:02:48]} 14. d5 {[%clk 0:03:05]} Qc7
{[%clk 0:02:41]} 15. Bd3 {[%clk 0:03:01]} c4 {[%clk 0:02:35]} 16. bxc4
{[%clk 0:03:01]} bxc4 {[%clk 0:02:37]} 17. Bc2 {[%clk 0:02:54]} a5
{[%clk 0:02:21]} 18. Na3 {[%clk 0:02:54]} Ba6 {[%clk 0:02:20]} 19. Be3
{[%clk 0:02:51]} Nc5 {[%clk 0:02:19]} 20. Nd2 {[%clk 0:02:49]} Ncd7
{[%clk 0:01:37]} 21. Qe2 {[%clk 0:02:44]} Rec8 {[%clk 0:01:37]} 22. Rab1
{[%clk 0:02:36]} Rab8 {[%clk 0:01:32]} 23. Nb5 {[%clk 0:02:22]} Bxb5
{[%clk 0:01:32]} 24. Rxb5 {[%clk 0:02:18]} Rxb5 {[%clk 0:01:31]} 25. axb5
{[%clk 0:02:19]} Nb6 {[%clk 0:01:31]} 26. Ra1 {[%clk 0:02:13]} Nfd7
{[%clk 0:01:30]} 27. Rxa5 {[%clk 0:02:09]} Nxd5 {[%clk 0:01:24]} 28. Ra7
{[%clk 0:02:05]} Nxc3 {[%clk 0:01:24]} 29. Qg4 {[%clk 0:02:05]} Ne2+
{[%clk 0:00:44]} 30. Kf1 {[%clk 0:01:57]} Qd8 {[%clk 0:03:02]} 1-0

[Event "blitmenteam"]
[Site "?"]
[Date "2016.10.07"]
[Round "12.10"]
[White "Iljin, Timofey"]
[Black "Bocharov, Dmitry"]
[Result "1-0"]
[LiveChessVersion "1.4.4"]
[BlackElo "2660"]
[WhiteElo "2398"]

1. d4 {[%clk 0:03:03]} Nf6 {[%clk 0:03:03]} 2. c4 {[%clk 0:03:05]} e6
{[%clk 0:03:03]} 3. Nc3 {[%clk 0:03:06]} Bb4 {[%clk 0:03:04]} 4. e3
{[%clk 0:03:07]} O-O {[%clk 0:03:03]} 5. a3 {[%clk 0:03:08]} Bxc3+
{[%clk 0:03:01]} 6. bxc3 {[%clk 0:03:10]} c5 {[%clk 0:02:58]} 7. Ne2
{[%clk 0:03:10]} d5 {[%clk 0:02:44]} 8. cxd5 {[%clk 0:03:11]} Nxd5
{[%clk 0:02:41]} 9. e4 {[%clk 0:03:04]} Nf6 {[%clk 0:02:37]} 10. Ng3
{[%clk 0:02:57]} Nc6 {[%clk 0:02:34]} 11. Be3 {[%clk 0:01:54]} Qa5
{[%clk 0:02:29]} 12. Qd2 {[%clk 0:01:45]} Rd8 {[%clk 0:02:29]} 13. Rd1
{[%clk 0:01:42]} Ng4 {[%clk 0:02:22]} 14. Be2 {[%clk 0:01:37]} cxd4
{[%clk 0:02:21]} 15. cxd4 {[%clk 0:01:35]} Nxe3 {[%clk 0:02:19]} 16. fxe3
{[%clk 0:01:32]} Qxd2+ {[%clk 0:02:02]} 17. Rxd2 {[%clk 0:01:33]} b6
{[%clk 0:01:52]} 18. e5 {[%clk 0:01:31]} Bb7 {[%clk 0:01:53]} 19. Bf3
{[%clk 0:01:29]} Rac8 {[%clk 0:01:47]} 20. Ne4 {[%clk 0:01:21]} Ne7
{[%clk 0:01:08]} 21. Nd6 {[%clk 0:01:14]} Rc1+ {[%clk 0:01:08]} 22. Rd1
{[%clk 0:01:14]} Rxd1+ {[%clk 0:01:07]} 23. Kxd1 {[%clk 0:01:13]} Bxf3+
{[%clk 0:01:06]} 24. gxf3 {[%clk 0:01:15]} f6 {[%clk 0:00:53]} 25. f4
{[%clk 0:01:14]} Nc8 {[%clk 0:00:49]} 26. Nb5 {[%clk 0:01:08]} Rd7
{[%clk 0:00:38]} 27. Kd2 {[%clk 0:00:58]} Ne7 {[%clk 0:00:37]} 28. Nd6
{[%clk 0:00:53]} h6 {[%clk 0:00:35]} 29. Rg1 {[%clk 0:00:47]} Nd5
{[%clk 0:00:23]} 30. Ne8 {[%clk 0:00:30]} Kf8 {[%clk 0:00:21]} 31. Nd6
{[%clk 0:00:27]} f5 {[%clk 0:00:19]} 32. Rg6 {[%clk 0:00:28]} Re7
{[%clk 0:00:16]} 33. h4 {[%clk 0:00:21]} Kg8 {[%clk 0:00:17]} 34. Rg1
{[%clk 0:00:21]} Rc7 {[%clk 0:00:16]} 35. Ne8 {[%clk 0:00:20]} Re7
{[%clk 0:00:15]} 36. Nd6 {[%clk 0:00:16]} Rc7 {[%clk 0:00:15]} 37. Rg6
{[%clk 0:00:16]} Re7 {[%clk 0:00:16]} 38. h5 {[%clk 0:00:17]} Kf8
{[%clk 0:00:16]} 39. Nc8 {[%clk 0:00:15]} Rc7 {[%clk 0:00:12]} 40. Nd6
{[%clk 0:00:15]} Re7 {[%clk 0:00:14]} 41. Rg1 {[%clk 0:00:15]} Rc7
{[%clk 0:00:15]} 42. a4 {[%clk 0:00:13]} a6 {[%clk 0:00:15]} 43. Rg6
{[%clk 0:00:13]} Re7 {[%clk 0:00:16]} 44. Rg1 {[%clk 0:00:12]} Rc7
{[%clk 0:00:17]} 45. Rf1 {[%clk 0:00:12]} Rc3 {[%clk 0:00:16]} 1-0